ბათუმის შოთა რუსთაველის სახელმწიფო უნივერსიტეტის ბიბლიოთეკა

Электрическая часть электростанций и подстанций. (ბიბ.ჩანაწერი № 46767)

000 -LEADER
fixed length control field 00778nam a2200241Ia 4500
001 - CONTROL NUMBER
control field 13611
003 - CONTROL NUMBER IDENTIFIER
control field GE_BSU
008 - FIXED-LENGTH DATA ELEMENTS--GENERAL INFORMATION
fixed length control field 181216s||||||||xx |||||||||||||| ||und||
040 ## - CATALOGING SOURCE
Transcribing agency GE_BSU
080 ## - UNIVERSAL DECIMAL CLASSIFICATION NUMBER
Universal Decimal Classification number 621.311.2(075.8)
100 ## - MAIN ENTRY--PERSONAL NAME
Personal name Неклепаев,Б.Н.
245 ## - TITLE STATEMENT
Title Электрическая часть электростанций и подстанций.
245 ## - TITLE STATEMENT
Remainder of title Учеб. для вузов.
245 ## - TITLE STATEMENT
Statement of responsibility, etc. Ред. И.П.Крючков.
250 ## - EDITION STATEMENT
Edition statement 2-е изд. переаб. и доп.
260 ## - PUBLICATION, DISTRIBUTION, ETC.
Place of publication, distribution, etc. М.
260 ## - PUBLICATION, DISTRIBUTION, ETC.
Name of publisher, distributor, etc. Энергоатомиздат.
260 ## - PUBLICATION, DISTRIBUTION, ETC.
Date of publication, distribution, etc. 1986.
300 ## - PHYSICAL DESCRIPTION
Extent 640 стр. с илл.
300 ## - PHYSICAL DESCRIPTION
Accompanying material Табл.
653 ## - INDEX TERM--UNCONTROLLED
Uncontrolled term Электрическая часть электростанций и подстанций.
942 ## - ADDED ENTRY ELEMENTS (KOHA)
Koha item type წიგნი
ეგზემპლარები
Withdrawn status Lost status Damaged status Not for loan Date acquired Barcode Date last seen Price effective from Koha item type
        2018-12-17 10804 2018-12-17 2018-12-17 წიგნი
        2018-12-17 10805 2018-12-17 2018-12-17 წიგნი